Los hijos discapacitados y la familia / (Record no. 83451)

MARC details
000 -CABECERA
campo de control de longitud fija 00661nam a2200217 a 4500
005 - FECHA Y HORA DE LA ÚLTIMA TRANSACCIÓN
campo de control 20240925064436.0
008 - ELEMENTOS DE LONGITUD FIJA--INFORMACIÓN GENERAL
campo de control de longitud fija 010713s1998 mx r 000 0 spa d
020 ## - NÚMERO INTERNACIONAL NORMALIZADO PARA LIBROS
Número Internacional Estándar del Libro 9682434815
035 ## - NÚMERO DE CONTROL DEL SISTEMA
Número de control de sistema UPN01000109540
049 ## - COLECCIÓN
Colección CG
050 #4 - SIGNATURA TOPOGRÁFICA DE LA BIBLIOTECA DEL CONGRESO
Número de clasificación HQ755.8
Número de documento/Ítem H5.4
245 04 - MENCIÓN DE TÍTULO
Título Los hijos discapacitados y la familia /
Mención de responsabilidad, etc. Alejandra Kawage de Quintana... [et al.].
260 ## - PUBLICACIÓN, DISTRIBUCIÓN, ETC.
Lugar de publicación, distribución, etc. México :
Nombre del editor, distribuidor, etc. Trillas,
Fecha de publicación, distribución, etc. 1998.
300 ## - DESCRIPCIÓN FÍSICA
Extensión 69 p. :
Otras características físicas il.
440 #0 - MENCIÓN DE SERIE/ASIENTO SECUNDARIO--TÍTULO
Título Escuela para padres
650 #4 - ASIENTO SECUNDARIO DE MATERIA - TERMINO TEMATICO
Término de materia o nombre geográfico como elemento de entrada Padres e hijos
9 (RLIN) 1360
650 #4 - ASIENTO SECUNDARIO DE MATERIA - TERMINO TEMATICO
Término de materia o nombre geográfico como elemento de entrada Niños con discapacidad
Subdivisión general Educación
9 (RLIN) 1549
650 #4 - ASIENTO SECUNDARIO DE MATERIA - TERMINO TEMATICO
Término de materia o nombre geográfico como elemento de entrada Familias
9 (RLIN) 44286
700 1# - ASIENTO SECUNDARIO--NOMBRE DE PERSONAL
Nombre de persona Kawage de Quintana, Alejandra
Término indicativo de función/relación colab.
9 (RLIN) 28821
905 ## - TIPO DE MATERIAL
Tipo de material Libro
Holdings
Estado de retiro Estado de pérdida Fuente del sistema de clasificación o colocación Estado dañado No para préstamo Código de colección Localización permanente Ubicación/localización actual Ubicación en estantería Fecha de adquisición Total de préstamos Clasificación Código de barras Fecha visto por última vez Número de copia Tipo de ítem Koha
    Library of Congress Classification     Colección General Bib. Gregorio Torres Quintero Bib. Gregorio Torres Quintero Planta baja 03/08/2023 17 HQ755.8 H5.4 166463 31/12/2020 1 Libro
    Library of Congress Classification     Colección General Bib. Gregorio Torres Quintero Bib. Gregorio Torres Quintero Planta baja 03/08/2023 17 HQ755.8 H5.4 166462 31/12/2020 1 Libro